One Piece - Quiz Personnages #5 - Statistiques

Statistiques générales
  • Ce quiz a été pris 185 fois
  • Le résultat moyen est 12 sur 16
Statistiques - réponses
Par images Réponse % Correct
Smoker
100%
Marco
99%
Garp
96%
Bepo
94%
Oden
94%
Killer
91%
Octy
84%
Kanjuro
83%
Chinjao
68%
Wiper
63%
Duval
62%
Sasaki
62%
Tamago
59%
Prometheus
47%
Gan Forr
45%
Sarquiss
39%
Aucun quiz correspondant
Distribution des résultats
% des personnes avec chaque résultat
Percentile par nombre de réponses
Votre historique - résultats
Vous n’avez pas pris ce quiz